Desagravios de Christo nuestro bien sacramentado en satisfacción de las muchas ofensas que contra su majestad se cometen.

Detalles Bibliográficos
Autor principal: PASCUAL, Miguel Angel
Formato: Libro
Materias:
Colección:Banco de datos
Acervo:Biblioteca del Convento de Santa Mónica de la Ciudad de Puebla. Puebla
Descripción Física:t. II
Tema general:Ascética
Notas:Buena. No. de Reg. 188321. E3, 3.
LEADER 00679nam a22001930004500
035 |a 52352 
036 |a 2120 
100 1 |a PASCUAL, Miguel Angel 
245 1 0 |a Desagravios de Christo nuestro bien sacramentado en satisfacción de las muchas ofensas que contra su majestad se cometen. 
300 |a t. II 
500 |a Buena. No. de Reg. 188321. E3, 3. 
650 1 0 |a Ascética 
949 |a CRP-SM 
959 |a Ex convento de Santa Mónica. Puebla, Puebla  |b CCC5 
960 |a Convento de Santa Mónica de la ciudad de Puebla  |b DD88 
961 |a Franciscana  |b OF 
942 |c CRP-SM 
943 |g Biblioteca del Convento de Santa Mónica de la Ciudad de Puebla. Puebla 
999 |c 962690  |d 962690